| 000 | 00507nam a2200193Ia 4500 | ||
|---|---|---|---|
| 005 | 20250603145114.0 | ||
| 008 | 250603s9999 xx 000 0 und d | ||
| 020 | _a978-0-07-048286-9 / 0-07-0482861 | ||
| 050 | _aQA 76.8 .I2594 G68/ | ||
| 100 | _aGovindaru, B. | ||
| 245 | 0 | _aIBM PC and clones : hardware troubleshooting and maintenance | |
| 250 | _a2nd ed. | ||
| 260 | _aNew Delhi | ||
| 260 | _bTata Mc-Graw-Hill Comp. | ||
| 260 | _c1991 | ||
| 300 | _a963 p | ||
| 650 | _aNew Delhi | ||
| 942 | _cBK | ||
| 999 |
_c40888 _d40888 |
||